<?xml version="1.0" encoding="UTF-8"?><collection xmlns="info:lc/xmlns/marcxchange-v2"><record format="Unimarc" type="bibliographic"><leader>00685cam  2200217   450 </leader><controlfield tag="001">2013732</controlfield><controlfield tag="003">http://id.bnportugal.gov.pt/bib/porbase/2013732</controlfield><controlfield tag="005">20030423135200.0</controlfield><datafield ind1=" " ind2=" " tag="010"><subfield code="a">0-19-864224-5</subfield><subfield code="b">Encadernado</subfield></datafield><datafield ind1=" " ind2=" " tag="035"><subfield code="1">61570</subfield></datafield><datafield ind1=" " ind2=" " tag="095"><subfield code="a">PTBN00168372</subfield></datafield><datafield ind1=" " ind2=" " tag="100"><subfield code="a">19881021e19851982k  y0pora0103    ba</subfield></datafield><datafield ind1="0" ind2=" " tag="101"><subfield code="a">eng</subfield></datafield><datafield ind1=" " ind2=" " tag="102"><subfield code="a">GB</subfield></datafield><datafield ind1="1" ind2=" " tag="200"><subfield code="a">Oxford latin dictionary</subfield><subfield code="f">ed. P. G. W. Glare</subfield></datafield><datafield ind1=" " ind2=" " tag="210"><subfield code="a">Oxford</subfield><subfield code="c">Clarendon Press</subfield><subfield code="d">imp. 1985</subfield></datafield><datafield ind1=" " ind2=" " tag="215"><subfield code="a">XXIII, 2126 p.</subfield><subfield code="d">32 cm</subfield></datafield><datafield ind1=" " ind2=" " tag="675"><subfield code="a">807.1:030.8</subfield><subfield code="v">int</subfield><subfield code="z">eng</subfield><subfield code="3">1548223</subfield></datafield><datafield ind1=" " ind2=" " tag="675"><subfield code="a">030.8:807.1</subfield><subfield code="v">med</subfield><subfield code="z">fre</subfield><subfield code="3">1548224</subfield></datafield><datafield ind1=" " ind2="1" tag="702"><subfield code="a">Glare</subfield><subfield code="b">P. G. W.</subfield><subfield code="4">340</subfield><subfield code="3">1548225</subfield></datafield><datafield ind1=" " ind2="0" tag="801"><subfield code="a">PT</subfield><subfield code="b">BN</subfield><subfield code="g">RPC</subfield></datafield><datafield ind1=" " ind2=" " tag="977"><subfield code="1">LC-01.3-5</subfield><subfield code="2">coop</subfield><subfield code="4">UAVSD</subfield><subfield code="6">mq261899</subfield><subfield code="7">bc</subfield><subfield code="8">coop</subfield><subfield code="9">UAVSD</subfield><subfield code="k">0</subfield></datafield><datafield ind1=" " ind2=" " tag="977"><subfield code="1">BCEP 807.1:030.8</subfield><subfield code="2">coop</subfield><subfield code="4">UMSD</subfield><subfield code="6">mq261898</subfield><subfield code="7">bc</subfield><subfield code="8">coop</subfield><subfield code="9">UMSD</subfield><subfield code="b">46920/LA</subfield><subfield code="k">0</subfield></datafield></record></collection>